Phan Chu Trinh: 1872 - 1926
Αποθηκεύτηκε σε:
| Κύριος συγγραφέας: | |
|---|---|
| Μορφή: | Βιβλίο |
| Γλώσσα: | Undetermined |
| Έκδοση: |
Sài Gòn
Tân Việt
1956
|
| Θέματα: | |
| Ετικέτες: |
Προσθήκη ετικέτας
Δεν υπάρχουν, Καταχωρήστε ετικέτα πρώτοι!
|
| Thư viện lưu trữ: | Trung tâm Học liệu Trường Đại học Cần Thơ |
|---|
| LEADER | 00460nam a2200169Ia 4500 | ||
|---|---|---|---|
| 001 | CTU_11098 | ||
| 008 | 210402s9999 xx 000 0 und d | ||
| 082 | |a 809.09597 | ||
| 082 | |b Th250 | ||
| 100 | |a Thế Nguyên | ||
| 245 | 0 | |a Phan Chu Trinh: 1872 - 1926 | |
| 245 | 0 | |c Thế Nguyên | |
| 260 | |a Sài Gòn | ||
| 260 | |b Tân Việt | ||
| 260 | |c 1956 | ||
| 650 | |a vietnamese literature | ||
| 980 | |a Trung tâm Học liệu Trường Đại học Cần Thơ | ||